Igor Stravinsky
Zapisane w:
| 1. autor: | |
|---|---|
| Format: | Książka |
| Język: | francuski |
| Wydane: |
París
Seghers
1965
|
| Seria: | Musiciens de Tous les Temps
|
| Hasła przedmiotowe: | |
| Etykiety: |
Dodaj etykietę
Nie ma etykietki, Dołącz pierwszą etykiete!
|
MARC
| LEADER | 00000nam a2200000 a 4500 | ||
|---|---|---|---|
| 001 | UCN2244 | ||
| 003 | CL-VaPUC | ||
| 008 | 010511e19650000FR |||||||||||||||||fre|d | ||
| 082 | 0 | 4 | |a 780.92 |b PHI |2 21 |
| 100 | 0 | |a Philippot, Michel |e author |9 458018 | |
| 245 | 1 | 0 | |a Igor Stravinsky |
| 300 | |a 188 p | ||
| 942 | |c BK | ||
| 945 | |d 20010511 00:00:00 |a crobeson | ||
| 260 | |a París |b Seghers |c 1965 | ||
| 600 | 0 | |a Stravinsky, Igor Federovich |d 1882-1971 |9 306253 | |
| 650 | 0 | |a Compositores rusos |9 329355 | |
| 650 | 0 | |a Música, siglo 20 |9 324961 | |
| 583 | |a last modification |c 20010511 00:00:00 |k Rodrigo Vera | ||
| 490 | 0 | |a Musiciens de Tous les Temps | |
| 999 | |c 295402 |d 295400 | ||
| 952 | |0 0 |1 0 |4 0 |6 780_920000000000000_PHI_1965 |7 0 |8 A |9 348406 |a BIBEDU |b BIBEDU |d 2019-11-20 |i 1182706 |o 780.92 PHI 1965 |p 1182706 |r 2023-01-12 |w 2019-11-20 |y BK |k MUS | ||